000 00744nam a2200265 i 4500
001 C2-0108098
003 PPAK
005 20180727102326.0
008 970615s1988 my a|||| ||||| | may d
020 _a9679959260
040 _aPPAK
_beng
_cPPAK
_erda
082 0 4 _a621.3192
_223
090 0 0 _a621.3192
_bDUN
_dG
100 1 _aDuncan, C.,
_eauthor
245 1 0 _aPemasangan litar elektrik
264 1 _aKuala Lumpur :
_bGolden Books ,
_c1988
300 _a84 pages :
_billustrations ;
_c30 cm
336 _2rdacontent
_atext
337 _2rdamedia
_aunmediated
338 _2rdacarrier
_avolume
500 _aJudul asal : The insatallation of electrical circuits
650 1 0 _aElectric circuits
700 _eauthor
942 _ddc
_cB
999 _c26474
_d26474